| 000 | 00466cam a2200193 4500 | ||
|---|---|---|---|
| 001 | D9615 | ||
| 008 | 090401t1968 xxu||||| |||| 00| 0 eng d | ||
| 035 | _a(Sirsi) u21119 | ||
| 041 | _aeng | ||
| 050 | _a692.5 | ||
| 100 | _aWainwright, W Howard | ||
| 245 | _aMeasurement of building work | ||
| 260 |
_aLondon _bHutchinson Educational Ltd _c1968 |
||
| 300 | _a229p. 25cm | ||
| 350 | _a1.25 | ||
| 700 | _aWhitrod, Raymond J | ||
| 942 | _n0 | ||
| 948 | _c04/03/1997 | ||
| 999 |
_c87923 _d87923 |
||